| 000 | 00512nam a22001817a 4500 | ||
|---|---|---|---|
| 005 | 20231206130331.0 | ||
| 008 | 231206b |||||||| |||| 00| 0 eng d | ||
| 020 | _a0-13-818451-8 | ||
| 082 |
_a306.483 _bVOG |
||
| 100 | _aVogler, Conrad C | ||
| 245 |
_aThe sociology of sport : _ban introduction, _cVogler, Conrad C; Schwartz, Stephen E., 1946- |
||
| 260 |
_aUSA _bPrentice Hall _c1993 |
||
| 300 | _a214 | ||
| 500 | _aindex Given | ||
| 650 | _aPhysiology/ AHS | ||
| 700 | _aSchwartz, Stephen E | ||
| 999 |
_c34805 _d34805 |
||